000
00322 a2200145 4500
001
154746
040
_c
Escola São Tomás de Aquino
100
_a
DIMENSTEIN, Gilberto
240
1
0
_a
Aprendiz do futuro
_l
por
245
1
0
_a
Aprendiz do futuro
362
0
_a
1999
440
1
_a
Ática
697
_a
HISTÓRIA
942
_c
BK
999
_c
154746
_d
154746